Iblīs /

محفوظ في:

المؤلف الرئيسي: ʿAqqād, ʿAbbās Maḥmūd, 1889-1964 (مؤلف)

التنسيق: كتاب

اللغة: Arabic

منشور في: [Cairo] : Dār al-Hilāl, 1967.

سلاسل: Kitāb al-Hilāl ; 192.

الموضوعات:

الوسوم: إضافة وسم

لا توجد وسوم, كن أول من يضع وسما على هذه التسجيلة!

رقم الطلب: BL480 .A65 1967

LEADER 01138nam a2200277Ia 4500
003 OSt
005 20221228134129.0
008 130303s1967 ua g b 000 0 ara d
952 |0 0  |1 0  |2 lcc  |4 0  |6 BL0480 A65 01967  |7 1  |9 45227  |a ARCE  |b ARCE  |d 2022-12-28  |l 0  |o BL480 .A65 1967  |p 1022019  |r 2022-12-28 00:00:00  |w 2022-12-28  |y BK 
999 |c 29291  |d 29291 
010 |a ne 68001503 
040 |c ARCE Library 
043 |a f-ua--- 
050 4 |a BL480 .A65 1967 
100 1 |6 880-01  |a ʿAqqād, ʿAbbās Maḥmūd,  |d 1889-1964,  |e author 
245 1 0 |6 880-02  |a Iblīs /  |c ʻAbbās Maḥmūd al-ʻAqqād. 
264 1 |a [Cairo] :   |b Dār al-Hilāl,   |c 1967. 
300 |a 226 pages ;  |c 17 cm. 
490 1 |a Kitāb al-Hilāl ;  |v 192. 
504 |a Bibliographical footnotes. 
650 0 |a Devil. 
830 0 |a Kitāb al-Hilāl ;  |v 192. 
880 1 |6 100-01/(3/r  |a عقاد، عباس محمود،‪‪‪‪‪‪‪‪‪‪‪‪‪‪‪‪‪‪‪‪‪‪‪‪‪‪‪‪‪‪‪‪‪‪‪‪‪‪‪‪‪‪‪‪‪‪‪‪‪‪  |d 1889-1964. 
880 1 0 |6 245-02/(3/r  |a إبليس   |c عباس محمود العقاد 
901 |a reviewed 
942 |c BK  |2 lcc